000
00264nam a22000977a 4500
008
221209b |||||||| |||| 00| 0 eng d
020
_a
9789355955432
100
_a
OSWAAL
_9
7599
245
_a
CBSE QUESTION BANK (PHYSICS-12) (OSWAAL)
260
_a
New Delhi
_b
Oswaal
_c
2022
999
_c
12197
_d
12197